Eminem's best songs - Statistics

Statistiche generali
  • Questo quiz è stato fatto 67 volte
  • Il punteggio medio è 4 su 10
Statistiche sulle risposte
Risposta % Corretto
Lose yourself
88%
Without me
67%
The Real Slim Shady
65%
Stan
60%
My name is
40%
The Way I Am
16%
White America
11%
Cleanin’ Out My Closet
5%
10° Kim
5%
Role mode
5%
Nessun quiz corrispondente trovato
Distribuzione punteggi
Percentuale di utenti per punteggio
Percentile per numero di risposta
I tuoi punteggi nel tempo
Non hai fatto questo quiz